LEADER 01936nam0 22004091i 450 001 UON00283992 005 20231205103851.20 010 $a34-380-5278-4 100 $a20061117d2004 |0itac50 ba 101 $aeng 102 $aDE 105 $a|||| 1|||| 200 1 $aGeneral introduction and Megilloth$eRuth$fJ. de Waard$gCanticles$fP.B. Dirksen$gQoheleth$fY.A.P. Goldman$gLamentations$fR. Schafer$gEsther$fJ. Saebo 210 $aStuttgart$cDeutsche Bibelgesellschaft$d2004 215 $aC, 96, 168 p.$d24 cm 311 $aSEB VI AA 087 N$9UON00283991 316 $aFondi FIRB$5IT-UONSI SEBVIAA/087 N 410 0$1001UON00283991$12001 $aBiblia Hebraica$eQuinta editione cum apparatu critico novis curis elaborato$fCommuniter ediderunt A. Shenker ... [et al.]$v18 SEB VI AA 087 N 500 1$3UON00352036$aBibbia. Antico Testamento$955281 606 $aBIBBIA$xANTICO TESTAMENTO$xCOMMENTARI$xESTHER$3UONC012249$2FI 606 $aBIBBIA$xANTICO TESTAMENTO$xCOMMENTARI$xCANTICO DEI CANTICI$3UONC012578$2FI 606 $aBIBBIA$xANTICO TESTAMENTO$xLAMENTAZIONI$3UONC012998$2FI 606 $aBIBBIA$xANTICO TESTAMENTO$xCOMMENTARI$xRUTH$3UONC060895$2FI 620 $aDE$dWiesbaden$3UONL003153 686 $aSEB VI AA$cSTUDI EBRAICI - LETTERATURA - TESTI BIBLICI - TESTI$2A 702 1$aDIRKSEN$bPiet B.$3UONV022906 702 1$aGOLDMAN$bY. A. P.$3UONV164114 702 1$aSAEBO$bM.$3UONV164116 702 1$aSCHÄFER$bRudolf$3UONV218738 702 1$aWAARD$bJ. : de$3UONV028322 712 $aDeutsche Bibelgesellschaft$3UONV256948$4650 801 $aIT$bSOL$c20240220$gRICA 899 $aSIBA - SISTEMA BIBLIOTECARIO DI ATENEO$2UONSI 912 $aUON00283992 950 $aSIBA - SISTEMA BIBLIOTECARIO DI ATENEO$dSI SEB VI AA 087 N $eSI SA 118539 5 087 N Fondi FIRB 996 $aBibbia. Antico Testamento$955281 997 $aUNIOR LEADER 00988nam0 22002531i 450 001 UON00052809 005 20231205102233.711 100 $a20020107d1978 |0itac50 ba 101 $arus 102 $aSU 105 $a|||| 1|||| 200 1 $aAmerikanskij kapital v stranax Jugo-Vostocnoj Azii$fJulija Markovna Surovskaja 210 $aMoskva$cIzdatel'stvo Nauka$d1978 215 $a173 p.$d20 cm 620 $aRU$dMoskva$3UONL003152 686 $aSEA XII$cSUDEST ASIATICO - ECONOMIA$2A 700 1$aSUROVSKAJA$bJulija Markovna$3UONV033393$0651699 712 $aAkademija Nauk SSSR$3UONV247334$4650 801 $aIT$bSOL$c20241213$gRICA 899 $aSIBA - SISTEMA BIBLIOTECARIO DI ATENEO$2UONSI 912 $aUON00052809 950 $aSIBA - SISTEMA BIBLIOTECARIO DI ATENEO$dSI SEA XII 003 $eSI SA 10436 5 003 996 $aAmerikanskij kapital v stranax Jugo-Vostocnoj Azii$91145959 997 $aUNIOR